| 000 | 00346nam a22001217a 4500 | ||
|---|---|---|---|
| 999 |
_c58660 _d58657 |
||
| 100 | _agulshan Oad | ||
| 100 | _a98CE89 | ||
| 245 | _aTime Management Structural work of MCB Tower, Karachi Using Primavera & MS-Project 2002 | ||
| 260 |
_aNawabshah: _bQUEST, _c1998. |
||
| 300 | _a95p. | ||
| 700 | _aDepartment of Civil Engineering | ||
| 942 | _cTHESIS | ||